[Event "Warsaw Najdorf Memorial op-A 22nd"]
[Site "Warsaw"]
[Date "2025.07.08"]
[Round "1"]
[White "Barwinska, Ewa"]
[Black "Taranowicz, Michal"]
[Result "1/2-1/2"]
[WhiteElo "2014"]
[BlackElo "2165"]
[PlyCount "104"]
[EventDate "2025.07.08"]
[EventType "swiss"]
[EventRounds "9"]
[EventCountry "POL"]
[SourceTitle "CB29_2025"]
[SourceDate "2025.07.16"]
[SourceVersion "1"]
[SourceVersionDate "2025.07.16"]
[SourceQuality "1"]

1. d4 Nf6 2. c4 g6 3. Nc3 Bg7 4. h4 h5 5. e4 d6 6. Be2 Na6 7. f3 c5 8. d5 0-0 9. Be3 e6 10. dxe6 Bxe6 11. Qd2 Qa5 12. Nh3 Bxh3 13. Rxh3 Nb4 14. a3 Nc6 15. 0-0-0 Rfd8 16. g4 Nd4 17. Bxd4 cxd4 18. Nd5 Qxd2+ 19. Kxd2 hxg4 20. Nxf6+ Bxf6 21. fxg4 Kg7 22. Rf1 Rd7 23. h5 Rh8 24. Kd3 Be5 25. Rhf3 Rc7 26. a4 a5 27. b3 Rh7 28. R3f2 Kh6 29. g5+ Kg7 30. h6+ Kf8 31. Bg4 Bg3 32. Rg2 Be5 33. b4 axb4 34. Rb2 Ke7 35. Rxb4 f6 36. Rfb1 Kd8 37. gxf6 Bxf6 38. a5 Be5 39. Be6 Rxh6 40. Rxb7 Rh2 41. a6 Ra2 42. Rxc7 Ra3+ 43. Kd2 Bf4+ 44. Kd1 Kxc7 45. Rb7+ Kd8 46. a7 d3 47. Rb8+ Ke7 48. a8Q Rxa8 49. Rxa8 Kxe6 50. Ra5 g5 51. Rd5 d2 52. Ke2 Kf6 1/2-1/2

[Event "POL-chT 2nd League"]
[Site "Jastrzebia Gora"]
[Date "2024.09.04"]
[Round "5.25"]
[White "Kindler, Przemyslaw"]
[Black "Taranowicz, Michal"]
[Result "1-0"]
[WhiteElo "1991"]
[BlackElo "2164"]
[PlyCount "81"]
[EventDate "2024.08.31"]
[EventType "team-swiss"]
[EventRounds "9"]
[EventCountry "POL"]
[SourceTitle "EXT 2025"]
[Source "ChessBase"]
[SourceDate "2024.10.14"]
[SourceVersion "1"]
[SourceVersionDate "2024.10.14"]
[SourceQuality "1"]
[WhiteTeam "Gdansk Korona"]
[BlackTeam "Olsztyn Trzydziestka"]
[WhiteTeamCountry "POL"]
[BlackTeamCountry "POL"]

1. e4 e6 2. d4 d5 3. exd5 exd5 4. Nf3 Nc6 5. Bd3 Bd6 6. 0-0 Bg4 7. c3 Nge7 8. h3 Bh5 9. Re1 Qd7 10. Nbd2 0-0-0 11. b4 f6 12. Nb3 g5 13. b5 Nb8 14. Nc5 Bxc5 15. dxc5 Rde8 16. Bb2 Rhg8 17. c4 g4 18. Nd4 Rg5 19. h4 Re5 20. Ne2 g3 21. fxg3 dxc4 22. Bxc4 Rxc5 23. Qb3 Nd5 24. Nf4 Rxe1+ 25. Rxe1 Bf7 26. Ba3 Rxc4 27. Qxc4 c6 28. Nxd5 Bxd5 29. Qd4 cxb5 30. Rd1 Bc6 31. Bd6 Na6 32. Qxa7 Nc7 33. Qa5 Na6 34. Rd2 Qe8 35. Bf4 Qe7 36. Kh2 Qe8 37. a4 bxa4 38. Qf5+ Bd7 39. Rc2+ Kd8 40. Qxf6+ Qe7 41. Qh8+ 1-0

[Event "EU-ch U18"]
[Site "Prague"]
[Date "2024.08.28"]
[Round "6"]
[White "Taranowicz, Michal"]
[Black "Ribera Veganzones, Serni"]
[Result "0-1"]
[WhiteElo "2164"]
[BlackElo "2309"]
[PlyCount "140"]
[EventDate "2024.08.22"]
[EventType "swiss"]
[EventRounds "9"]
[EventCountry "CZE"]
[SourceTitle "CBM 221 Extra"]
[Source "ChessBase"]
[SourceDate "2024.09.30"]
[SourceVersion "1"]
[SourceVersionDate "2024.09.30"]
[SourceQuality "1"]

1. e4 e6 2. Nc3 d5 3. Nf3 Nf6 4. e5 Nfd7 5. Ne2 c5 6. c3 d4 7. cxd4 cxd4 8. Nexd4 Nxe5 9. Bb5+ Nec6 10. 0-0 Bd7 11. Ne2 Nb4 12. Bc4 Bc6 13. Ne5 Bd5 14. b3 N8c6 15. Bb2 Nxe5 16. Bxe5 Nc6 17. Bb2 Be7 18. d3 Bf6 19. Bxf6 Qxf6 20. Bxd5 exd5 21. Qd2 0-0 22. Nf4 Qg5 23. g3 Nd4 24. Kg2 Qg4 25. Qd1 Qf5 26. Rc1 Rac8 27. h4 g6 28. Qd2 Qg4 29. f3 Qd7 30. Qa5 Nf5 31. Kh2 Ne3 32. Rfe1 d4 33. Qe5 Rfe8 34. Qf6 h6 35. h5 g5 36. Qxh6 gxf4 37. gxf4 Rxc1 38. Rxc1 Qg4 39. Qg5+ Qxg5 40. fxg5 Nd5 41. Rc4 Re5 42. Kg3 Rxg5+ 43. Kh4 Re5 44. Rxd4 Nf6 45. a4 Rxh5+ 46. Kg3 Rd5 47. Rb4 b6 48. d4 Kf8 49. Rc4 Ke7 50. Kf4 Ke6 51. Ke3 Rd7 52. Rc8 Rc7 53. Ra8 Nd5+ 54. Ke4 f5+ 55. Kd3 a5 56. Re8+ Re7 57. Rb8 Kd6 58. Rd8+ Kc6 59. Kc4 Ne3+ 60. Kd3 f4 61. Rc8+ Kb7 62. Rf8 Nd5 63. Kc4 Rd7 64. Kb5 Nc7+ 65. Kc4 Rxd4+ 66. Kxd4 Ne6+ 67. Ke5 Nxf8 68. Kxf4 Kc6 69. Ke5 Ng6+ 70. Ke4 Kc5 0-1

[Event "EU-ch U18"]
[Site "Prague"]
[Date "2024.08.24"]
[Round "3"]
[White "Babula, Vlastimil1"]
[Black "Taranowicz, Michal"]
[Result "0-1"]
[WhiteElo "2326"]
[BlackElo "2164"]
[PlyCount "78"]
[EventDate "2024.08.22"]
[EventType "swiss"]
[EventRounds "9"]
[EventCountry "CZE"]
[SourceTitle "CBM 221 Extra"]
[Source "ChessBase"]
[SourceDate "2024.09.30"]
[SourceVersion "1"]
[SourceVersionDate "2024.09.30"]
[SourceQuality "1"]

1. e4 e6 2. d4 d5 3. e5 c5 4. c3 Nc6 5. Nf3 Qb6 6. Bd3 cxd4 7. 0-0 Bd7 8. Re1 Nge7 9. h4 h6 10. h5 Rc8 11. a3 a6 12. g3 g5 13. hxg6 fxg6 14. cxd4 Nf5 15. Nc3 Kd8 16. Ne2 Be7 17. Kg2 Kc7 18. Rh1 g5 19. g4 Ng7 20. b4 h5 21. Nxg5 hxg4 22. Nf7 Rxh1 23. Qxh1 Rf8 24. Nh8 Nxe5 25. Bf4 Rxf4 26. Qc1+ Kd8 27. Qxf4 Nxd3 28. Qxg4 Nf5 29. Nf7+ Kc7 30. Rd1 e5 31. Kg1 Nxd4 32. Qh5 Nxe2+ 33. Qxe2 Qg6+ 34. Kh1 Qxf7 35. Rxd3 Bd6 36. Rg3 Qh7+ 37. Kg1 e4 38. Rg5 Qh2+ 39. Kf1 Bb5 0-1

[Event "Suwalki Warakomska Memorial 8th"]
[Site "Suwalki"]
[Date "2024.07.23"]
[Round "7"]
[White "Siekanska, Maria"]
[Black "Taranowicz, Michal"]
[Result "0-1"]
[WhiteElo "2156"]
[BlackElo "2124"]
[PlyCount "138"]
[EventDate "2024.07.18"]
[EventType "swiss"]
[EventRounds "9"]
[EventCountry "POL"]
[SourceTitle "EXT 2025"]
[Source "ChessBase"]
[SourceDate "2024.10.14"]
[SourceVersion "1"]
[SourceVersionDate "2024.10.14"]
[SourceQuality "1"]

1. d4 g6 2. Bf4 Bg7 3. c3 d6 4. e4 Nd7 5. Nf3 Ngf6 6. Nbd2 0-0 7. Be2 b6 8. 0-0 Bb7 9. Qc2 c5 10. d5 Qc7 11. Rad1 Rad8 12. Rfe1 Ne5 13. Bxe5 dxe5 14. c4 Bc8 15. Nb1 Nh5 16. g3 Nf6 17. Nc3 Ne8 18. Kg2 Nd6 19. a3 f5 20. Ng5 h6 21. Ne6 Bxe6 22. dxe6 Qc8 23. Bf3 Kh8 24. exf5 gxf5 25. Bd5 Rg8 26. Kh1 Rdf8 27. Qd2 Qe8 28. Rxe5 f4 29. Ree1 Qh5 30. Qe2 f3 31. Qe3 Nf5 32. Bxf3 Nxe3 33. Bxh5 Nxd1 34. Nxd1 Rf5 35. Bf7 Rd8 36. f4 Bd4 37. Kg2 b5 38. cxb5 c4 39. a4 Rc5 40. Re2 Kg7 41. Nf2 Bxf2 42. Kxf2 Rcd5 43. h3 Rd2 44. Bh5 Kf6 45. Ke1 Rxe2+ 46. Bxe2 Rd4 47. a5 Kxe6 48. b6 axb6 49. a6 c3 50. bxc3 Ra4 51. Kf2 Ra3 52. c4 Kf5 53. a7 Rxa7 54. Bd3+ Kf6 55. g4 Ra2+ 56. Kf3 Rd2 57. Bf1 Rd1 58. Be2 Rh1 59. Kg2 Rc1 60. h4 Rc3 61. Kf2 e5 62. f5 e4 63. h5 Ke5 64. Kg2 Ra3 65. Kf2 Kf4 66. Bd1 Ra2+ 67. Ke1 Ke3 68. Bb3 Rb2 69. Ba4 Rg2 0-1

[Event "Suwalki Warakomska Memorial 8th"]
[Site "Suwalki"]
[Date "2024.07.22"]
[Round "6"]
[White "Taranowicz, Michal"]
[Black "Goluch, Piotr"]
[Result "1/2-1/2"]
[WhiteElo "2124"]
[BlackElo "2303"]
[PlyCount "118"]
[EventDate "2024.07.18"]
[EventType "swiss"]
[EventRounds "9"]
[EventCountry "POL"]
[SourceTitle "EXT 2025"]
[Source "ChessBase"]
[SourceDate "2024.10.14"]
[SourceVersion "1"]
[SourceVersionDate "2024.10.14"]
[SourceQuality "1"]

1. e4 c6 2. d4 d5 3. e5 Bf5 4. h4 h5 5. Bd3 Bxd3 6. Qxd3 Qa5+ 7. Nd2 e6 8. Ngf3 Qa6 9. c4 Nh6 10. 0-0 Nf5 11. b3 Be7 12. g3 c5 13. Qb1 dxc4 14. d5 c3 15. Ne4 Qe2 16. Neg5 Bxg5 17. Nxg5 c2 18. Qb2 exd5 19. Qc3 Na6 20. Bd2 Nd4 21. Rfe1 Qg4 22. Kg2 0-0 23. Be3 f6 24. exf6 gxf6 25. Bxd4 fxg5 26. Qxc2 Qf5 27. Qxf5 Rxf5 28. Be5 gxh4 29. gxh4 Nb4 30. Rad1 Re8 31. f4 Rd8 32. Kf3 Nc6 33. Bb2 Rdf8 34. Rg1+ Kf7 35. Rg7+ Ke6 36. Re1+ Kd6 37. Bc1 b5 38. Reg1 R8f6 39. Rb7 Nd4+ 40. Kf2 Ne6 41. Rxa7 Nxf4 42. Ra6+ Kc7 43. Rg7+ Kb8 44. Rxf6 Rxf6 45. Ke3 Ng6 46. Kd3 Nxh4 47. Bg5 Rf3+ 48. Ke2 Rh3 49. Bf4+ Ka8 50. Rg5 c4 51. bxc4 bxc4 52. Rxd5 Ra3 53. Rxh5 Rxa2+ 54. Kd1 Ng6 55. Bd2 Kb7 56. Rc5 Ra4 57. Ra5 Rxa5 58. Bxa5 Ka6 59. Bc3 Kb5 1/2-1/2

[Event "Suwalki Warakomska Memorial 8th"]
[Site "Suwalki"]
[Date "2024.07.21"]
[Round "5"]
[White "Taranowicz, Michal"]
[Black "Meers, Hubert"]
[Result "0-1"]
[WhiteElo "2124"]
[BlackElo "2281"]
[PlyCount "100"]
[EventDate "2024.07.18"]
[EventType "swiss"]
[EventRounds "9"]
[EventCountry "POL"]
[SourceTitle "EXT 2025"]
[Source "ChessBase"]
[SourceDate "2024.10.14"]
[SourceVersion "1"]
[SourceVersionDate "2024.10.14"]
[SourceQuality "1"]

1. e4 c6 2. d4 d5 3. e5 Bf5 4. h4 h5 5. Bd3 Bxd3 6. Qxd3 e6 7. Nf3 Nh6 8. Bxh6 Rxh6 9. g3 Qa5+ 10. Nbd2 Nd7 11. Kf1 Qb5 12. c4 dxc4 13. Nxc4 Qd5 14. Kg2 0-0-0 15. Qc2 f6 16. Rhe1 Bb4 17. Qb3 Be7 18. Qc3 Rf8 19. Ne3 Qb5 20. a4 Qb4 21. Qc2 g5 22. hxg5 fxg5 23. Qe4 g4 24. Ng1 Nc5 25. Qc2 Qxd4 26. Rad1 Qxa4 27. Qxa4 Nxa4 28. Nc4 Nb6 29. Nxb6+ axb6 30. Ne2 Bb4 31. Rh1 Rf5 32. Rd4 Bc5 33. Rf4 Rxe5 34. Nc3 Rf5 35. Ne4 Rxf4 36. gxf4 Be7 37. Kg3 Kc7 38. Ng5 e5 39. Ne4 exf4+ 40. Kxf4 b5 41. Kf5 c5 42. b3 Kc6 43. Ng3 Rf6+ 44. Ke5 Rxf2 45. Ne4 Rf3 46. Rxh5 Rxb3 47. Rh7 Bf8 48. Rf7 Rf3 49. Nf6 Bd6+ 50. Ke4 Rf4+ 0-1

[Event "Suwalki Warakomska Memorial 8th"]
[Site "Suwalki"]
[Date "2024.07.19"]
[Round "2"]
[White "Taranowicz, Michal"]
[Black "Schippers, Maurice"]
[Result "1-0"]
[WhiteElo "2124"]
[BlackElo "2263"]
[PlyCount "141"]
[EventDate "2024.07.18"]
[EventType "swiss"]
[EventRounds "9"]
[EventCountry "POL"]
[SourceTitle "EXT 2025"]
[Source "ChessBase"]
[SourceDate "2024.10.14"]
[SourceVersion "1"]
[SourceVersionDate "2024.10.14"]
[SourceQuality "1"]

1. e4 c5 2. Nf3 d6 3. d4 cxd4 4. Qxd4 Nc6 5. Qe3 g6 6. Be2 Bg7 7. 0-0 Nf6 8. Rd1 Qc7 9. c4 Bg4 10. Nfd2 Bxe2 11. Qxe2 Nd4 12. Qd3 Nd7 13. Nc3 Nc5 14. Qf1 0-0 15. Rb1 f5 16. exf5 Rxf5 17. Nd5 Qd7 18. b4 Nce6 19. Ne4 b5 20. Be3 Rc8 21. Ng3 Rff8 22. Rbc1 Qb7 23. Qd3 Nc6 24. Qe4 Ncd8 25. c5 Re8 26. h4 dxc5 27. bxc5 Nf8 28. Bg5 Nc6 29. h5 e6 30. Nf6+ Bxf6 31. Bxf6 Qf7 32. Qh4 e5 33. Ne4 Nd4 34. Rxd4 exd4 35. Bxd4 Rxe4 36. Qxe4 Qe6 37. Qh4 a5 38. Rc3 gxh5 39. Re3 Qf7 40. Rf3 Qe6 41. Qxh5 Ng6 42. Qg5 b4 43. Rf6 Qe1+ 44. Kh2 Qe4 45. Qe3 Qxe3 46. fxe3 Ne7 47. Kg3 Rc6 48. Rf2 Rg6+ 49. Kf4 Re6 50. Kf3 Nc6 51. Ba1 Kf7 52. Ke2+ Ke7 53. Kd3 h6 54. Bd4 Ne5+ 55. Bxe5 Rxe5 56. Kd4 Rg5 57. e4 Rg3 58. Kc4 Re3 59. Kb5 Rxe4 60. Kxa5 Kd7 61. Kb6 Rc4 62. Rf7+ Kd8 63. c6 b3 64. Rf8+ Ke7 65. axb3 Rb4+ 66. Ka5 Rxb3 67. c7 Kxf8 68. c8Q+ Ke7 69. Qc7+ Kf6 70. Qd6+ Kg7 71. Qe7+ 1-0

[Event "Krakow ICC op-B"]
[Site "Krakow"]
[Date "2024.06.29"]
[Round "9"]
[White "Taranowicz, Michal"]
[Black "Rainer, Piotr"]
[Result "1-0"]
[WhiteElo "2124"]
[BlackElo "1910"]
[PlyCount "63"]
[EventDate "2024.06.20"]
[EventType "swiss"]
[EventRounds "9"]
[EventCountry "POL"]
[SourceTitle "EXT 2025"]
[Source "ChessBase"]
[SourceDate "2024.10.14"]
[SourceVersion "1"]
[SourceVersionDate "2024.10.14"]
[SourceQuality "1"]

1. e4 c5 2. Nf3 d6 3. d4 cxd4 4. Nxd4 Nf6 5. Nc3 a6 6. Bc4 e6 7. Bb3 b5 8. f3 Be7 9. Be3 0-0 10. Qd2 Bb7 11. g4 Nc6 12. h4 Nd7 13. g5 Nde5 14. Qg2 Na5 15. 0-0-0 Rc8 16. Kb1 Nec4 17. Bc1 b4 18. Nce2 Qb6 19. h5 d5 20. g6 dxe4 21. h6 fxg6 22. hxg7 Rxf3 23. Rxh7 Kxh7 24. Qh2+ Kg8 25. Nf4 e5 26. Nd5 Bxd5 27. Qh8+ Kf7 28. Qxc8 Kxg7 29. Nxf3 Qe6 30. Bh6+ Kf7 31. Ng5+ Bxg5 32. Qf8# 1-0

[Event "Warsaw Szansa rapid op"]
[Site "Warsaw"]
[Date "2023.09.17"]
[Round "4"]
[White "Psyk, Radoslaw"]
[Black "Taranowicz, Michal"]
[Result "1-0"]
[WhiteElo "2460"]
[BlackElo "2092"]
[PlyCount "77"]
[EventDate "2023.09.17"]
[EventType "swiss (rapid)"]
[EventRounds "9"]
[EventCountry "POL"]
[SourceTitle "CBM 216 Extra"]
[Source "ChessBase"]
[SourceDate "2023.11.30"]
[SourceVersion "1"]
[SourceVersionDate "2023.11.30"]
[SourceQuality "1"]

1. e4 d6 2. d4 Nf6 3. Bd3 g6 4. Nf3 Bg7 5. 0-0 0-0 6. Re1 Nc6 7. h3 e5 8. dxe5 Nxe5 9. Nxe5 dxe5 10. Nd2 Qe7 11. a4 Be6 12. b3 a5 13. Ba3 c5 14. Bc4 b6 15. Bxe6 Qxe6 16. Nc4 Rad8 17. Qf3 Nh5 18. Rad1 Nf4 19. Bc1 g5 20. Rxd8 Rxd8 21. Rd1 Rxd1+ 22. Qxd1 Bf6 23. Bxf4 exf4 24. Qd5 Qxd5 25. exd5 Bd8 26. Kf1 Kg7 27. Ke2 f5 28. Nd6 Kf6 29. Nb7 Ke7 30. Nxd8 Kxd8 31. Kd3 Ke7 32. Kc4 Kd6 33. f3 h5 34. c3 g4 35. Kb5 gxf3 36. gxf3 Kxd5 37. Kxb6 h4 38. Kxa5 Kc6 39. c4 1-0

[Event "Warsaw Szansa blitz op"]
[Site "Warsaw"]
[Date "2023.09.16"]
[Round "9"]
[White "Malicka, Maria"]
[Black "Taranowicz, Michal"]
[Result "0-1"]
[WhiteElo "2218"]
[BlackElo "2092"]
[PlyCount "104"]
[EventDate "2023.09.16"]
[EventType "swiss (blitz)"]
[EventRounds "13"]
[EventCountry "POL"]
[SourceTitle "CBM 216 Extra"]
[Source "ChessBase"]
[SourceDate "2023.11.30"]
[SourceVersion "1"]
[SourceVersionDate "2023.11.30"]
[SourceQuality "1"]

1. e4 d6 2. d4 Nf6 3. Nc3 g6 4. Bg5 Bg7 5. f4 h6 6. Bh4 0-0 7. Qd2 e5 8. dxe5 Nxe4 9. Bxd8 Nxd2 10. Bxc7 Nxf1 11. Kxf1 dxe5 12. Bxe5 Bxe5 13. fxe5 Bf5 14. Nf3 Nc6 15. Kf2 Bxc2 16. Rac1 Bf5 17. a3 Rad8 18. Rhd1 Kg7 19. h3 Be6 20. Nb5 Bb3 21. Rxd8 Rxd8 22. Rc3 Be6 23. Nd6 Nxe5 24. Nxb7 Rb8 25. Nxe5 Rxb7 26. b4 Kf6 27. Nc6 a6 28. Rf3+ Kg7 29. Rd3 Rc7 30. Rd6 h5 31. Nd4 Bc4 32. Ke3 Kf8 33. Rc6 Rxc6 34. Nxc6 Bd5 35. Nb8 Bb7 36. g4 h4 37. a4 Ke7 38. b5 axb5 39. axb5 Kd6 40. Kf4 f6 41. g5 f5 42. Na6 Bxa6 43. bxa6 Kc6 44. Ke5 Kb6 45. Kf6 f4 46. Kxg6 f3 47. Kh7 f2 48. g6 f1Q 49. g7 Qf7 50. Kh8 Qh5+ 51. Kg8 Kxa6 52. Kf8 Qf5+ 0-1

[Event "Warsaw Szansa blitz op"]
[Site "Warsaw"]
[Date "2023.09.16"]
[Round "11"]
[White "Taranowicz, Michal"]
[Black "Wojdak, Jan"]
[Result "0-1"]
[WhiteElo "2092"]
[BlackElo "2188"]
[PlyCount "134"]
[EventDate "2023.09.16"]
[EventType "swiss (blitz)"]
[EventRounds "13"]
[EventCountry "POL"]
[SourceTitle "CBM 216 Extra"]
[Source "ChessBase"]
[SourceDate "2023.11.30"]
[SourceVersion "1"]
[SourceVersionDate "2023.11.30"]
[SourceQuality "1"]

1. e4 c5 2. Nf3 e6 3. b3 b6 4. d4 cxd4 5. Nxd4 Bb7 6. Bd3 Nc6 7. Nxc6 Bxc6 8. Bb2 d5 9. e5 Ne7 10. Nd2 Ng6 11. Qg4 Qc7 12. Nf3 Be7 13. h4 Bf8 14. h5 Ne7 15. a4 h6 16. Qf4 Bb7 17. 0-0 Nc6 18. c4 Nb4 19. Be2 dxc4 20. Rac1 Nd5 21. Qg3 c3 22. Bb5+ Bc6 23. Nd4 Bxb5 24. Nxb5 Qd7 25. Bxc3 a6 26. Nd6+ Bxd6 27. exd6 f6 28. Rfe1 0-0 29. Bd2 Kh8 30. Rc4 e5 31. Rec1 Qxd6 32. Rc6 Qd7 33. Qd3 Rfd8 34. Qe4 Rab8 35. b4 Ne7 36. R6c2 Qd5 37. Qe2 Qd3 38. Qg4 Qf5 39. Qe2 Nd5 40. Qxa6 Qxh5 41. Qc4 Qf5 42. Qe2 Nf4 43. Bxf4 Qxf4 44. Rc4 Rd4 45. a5 bxa5 46. bxa5 Rxc4 47. Qxc4 Qxc4 48. Rxc4 Rb1+ 49. Kh2 Ra1 50. Rc5 Kh7 51. Kg3 Ra3+ 52. f3 Kg6 53. Rb5 Kf5 54. Kf2 Ra2+ 55. Kg3 g5 56. Rc5 h5 57. Kh3 Ra3 58. Kg3 h4+ 59. Kf2 Ra4 60. Rb5 Kf4 61. Rb6 Ra2+ 62. Kf1 f5 63. Rb4+ e4 64. fxe4 fxe4 65. Rb8 Rxa5 66. Rf8+ Rf5 67. Kg1 Rxf8 0-1

[Event "POL-chT 2nd League"]
[Site "Jastrzebia Gora"]
[Date "2023.09.03"]
[Round "2.109"]
[White "Maj, Pawel1"]
[Black "Taranowicz, Michal"]
[Result "0-1"]
[WhiteElo "2208"]
[BlackElo "2092"]
[PlyCount "146"]
[EventDate "2023.09.02"]
[EventType "team-swiss"]
[EventRounds "9"]
[EventCountry "POL"]
[SourceTitle "CBM 216 Extra"]
[Source "ChessBase"]
[SourceDate "2023.11.30"]
[SourceVersion "1"]
[SourceVersionDate "2023.11.30"]
[SourceQuality "1"]
[WhiteTeam "Skoczek Trojanski"]
[BlackTeam "Olsztyn Trzydziestka"]
[WhiteTeamCountry "POL"]
[BlackTeamCountry "POL"]

1. c4 e5 2. Nc3 Nc6 3. g3 f5 4. Bg2 Nf6 5. d3 Bc5 6. e3 d6 7. Nge2 0-0 8. 0-0 Qe8 9. Nd5 Bb6 10. Nec3 Be6 11. Nxb6 axb6 12. b3 Rd8 13. Nd5 Bxd5 14. cxd5 Nb4 15. e4 Qb5 16. exf5 Ra8 17. g4 Qxd3 18. Qxd3 Nxd3 19. g5 Nd7 20. Bd2 Ra3 21. f4 exf4 22. Bxf4 Rxf5 23. Bh3 Rxf4 24. Bxd7 Ra8 25. Be6+ Kh8 26. Bf5 Rxf1+ 27. Rxf1 Ne5 28. Be6 g6 29. h4 Kg7 30. Rf2 Rh8 31. b4 c6 32. a4 Ra8 33. Ra2 Kf8 34. a5 Ke7 35. dxc6 Nxc6 36. Bd5 Nxb4 37. Re2+ Kd7 38. Bxb7 Rxa5 39. Rb2 Ra1+ 40. Kg2 Ra2 41. Rxa2 Nxa2 42. Bd5 Nb4 43. Bg8 Ke7 44. Bxh7 Kf7 45. h5 gxh5 46. Bf5 Nd5 47. Kf3 Ne7 48. Bd7 Kg6 49. Kf4 Nd5+ 50. Ke4 Nc7 51. Kf4 b5 52. Bf5+ Kf7 53. Bd3 b4 54. Kf5 d5 55. Be2 h4 56. Kg4 Ke6 57. Kxh4 Ke5 58. Kg4 Ne6 59. Bd3 b3 60. g6 b2 61. Bb1 Ng7 62. Kf3 Kd4 63. Ke2 Kc3 64. Ke3 Ne6 65. Kf3 Kd2 66. Ba2 Ng7 67. Kf4 d4 68. Ke4 Kc3 69. Bb1 Ne6 70. Ke5 d3 71. Kxe6 d2 72. g7 d1Q 73. g8Q Qb3+ 0-1

[Event "Suwalki Warakomska Memorial 7th"]
[Site "Suwalki"]
[Date "2023.08.07"]
[Round "1"]
[White "Dixit, Nikhil"]
[Black "Taranowicz, Michal"]
[Result "1-0"]
[WhiteElo "2330"]
[BlackElo "2144"]
[PlyCount "81"]
[EventDate "2023.08.07"]
[EventType "swiss"]
[EventRounds "9"]
[EventCountry "POL"]
[SourceTitle "CBM 215 Extra"]
[Source "ChessBase"]
[SourceDate "2023.09.30"]
[SourceVersion "1"]
[SourceVersionDate "2023.09.30"]
[SourceQuality "1"]

1. e4 c5 2. Nf3 Nc6 3. Bb5 e5 4. 0-0 Bd6 5. Na3 f6 6. c3 a6 7. Be2 Nge7 8. d4 cxd4 9. cxd4 Bxa3 10. bxa3 exd4 11. Bf4 d5 12. Nxd4 0-0 13. Nxc6 bxc6 14. Qc2 Be6 15. Rfd1 Re8 16. Bd3 h6 17. Qc5 Qd7 18. Rac1 Bf7 19. Bg3 Qg4 20. Re1 Qd7 21. e5 fxe5 22. Rxe5 Qa7 23. f4 Qxc5+ 24. Rxc5 Rab8 25. Rc2 Ng6 26. Rxe8+ Bxe8 27. f5 Rb1+ 28. Kf2 Ne7 29. Re2 Rb7 30. Bd6 Kf7 31. Bxa6 Rd7 32. Bc5 d4 33. Bc4+ Nd5 34. Bxd4 Rb7 35. Bb3 Bd7 36. Re5 Rb5 37. g4 Kf8 38. a4 Ra5 39. Bb6 Ra8 40. Bc5+ Kf7 41. Rxd5 1-0

[Event "Warsaw Maciei Memorial"]
[Site "Warsaw"]
[Date "2023.07.10"]
[Round "3"]
[White "Nowakowski, Maksymilian"]
[Black "Taranowicz, Michal"]
[Result "0-1"]
[WhiteElo "1661"]
[BlackElo "2005"]
[PlyCount "77"]
[EventDate "2023.07.10"]
[EventType "swiss (blitz)"]
[EventRounds "11"]
[EventCountry "POL"]
[SourceTitle "CBM 215 Extra"]
[Source "ChessBase"]
[SourceDate "2023.09.30"]
[SourceVersion "1"]
[SourceVersionDate "2023.09.30"]
[SourceQuality "1"]

1. e4 c5 2. Nf3 Nc6 3. c3 Nf6 4. e5 Nd5 5. d4 cxd4 6. cxd4 d6 7. Bc4 e6 8. 0-0 Be7 9. Re1 0-0 10. Bd2 Bd7 11. Nc3 Nxc3 12. Bxc3 d5 13. Bb3 Rc8 14. Bc2 Nb4 15. Bb1 Qb6 16. a3 Nc6 17. Qd3 g6 18. Bd2 Na5 19. Ng5 Nb3 20. Qh3 h5 21. Bf4 Qxd4 22. Be3 Qxb2 23. Ra2 Qc3 24. Rf1 d4 25. Rc2 Qa5 26. Rxc8 Rxc8 27. Qf3 Be8 28. Bf4 Nc5 29. g4 hxg4 30. Qxg4 Nd7 31. Qh4 Nf8 32. Kh1 Qxa3 33. Rg1 Bxg5 34. Bxg5 Qf3+ 35. Rg2 Nh7 36. Bd2 Qe2 37. Qf4 d3 38. Ba2 Rc2 39. Qb4 0-1